| 000 | 00542nam a22001697a 4500 | ||
|---|---|---|---|
| 003 | OSt | ||
| 005 | 20140310182528.0 | ||
| 008 | 130221t xxu||||| |||| 00| 0 eng d | ||
| 020 | _a9789715845403 | ||
| 050 |
_aLB 1765 _b.F634 2007 |
||
| 100 |
_aMagelende Magallona-Flores, _99620 |
||
| 245 |
_aLicensure Examination for Teachers (LET) : _cMagelende Magallona-Flores, _breviewer in english / |
||
| 260 |
_aQuezon City , Philippines: _bC & E Publishing Inc. _c2007 |
||
| 300 |
_a99p. _c25.5 cm. |
||
| 942 |
_2lcc _cSSLC |
||
| 999 |
_c14105 _d14105 |
||